Quiz sur la Dordogne - Statistiques

Statistiques générales
  • Ce quiz a été pris 599 fois
  • Le résultat moyen est 13 sur 20
Statistiques - réponses
Question % Correct
Numéro du département 24
99%
Région Nouvelle-Aquitaine
96%
Préfecture et plus grande ville Périgueux
91%
Cavité connue pour ses peintures rupestres et sa découverte involontaire en 1940. Grotte de Lascaux
87%
Gironde
85%
Sous-préfectures Bergerac
84%
Lot
82%
Champignon emblématique du département vendu à plusieurs centaines d'euros le kilo. Truffe
80%
Lot-et-Garonne
76%
Corrèze
75%
Départements limitrophes Charente
73%
Haute-Vienne
63%
Charente-Maritime
59%
Sarlat-la-Canéda
54%
Actrice et chanteuse américaine liée au territoire pour son acquisition du Château des Milandes en 1947. Joséphine Baker
53%
Nontron
50%
Gentilé Périgourdins, Périgordins, Dordognots, Dordognais
49%
Chanteur du département qui a connu son premier succès avec ''Plus que tout au monde''. Pascal Obispo
30%
Nombre d'habitants (arrondi à la dizaine de milliers d'habitants) 410 000 (413 418)
27%
Parc naturel régional du nord du département Parc naturel régional Périgord-Limousin
19%
Aucun quiz correspondant
Distribution des résultats
% des personnes avec chaque résultat
Percentile par nombre de réponses
Votre historique - résultats
Vous n’avez pas pris ce quiz